Postavenie Nitrianskeho samosprávneho kraja z pohľadu objektívnej chudoby

Analýza rozmanitých pomerov v okresoch Nitrianskeho samosprávneho kraja, na základe ekonomických indikátorov (dlhodobá nezamestnanosť, miera evidovanej nezamestnanosti, miera ekonomickej aktivity, podnikanie a intenzita obnovy bytov), sociálnych indikátorov (rómske etnikum, nízka úroveň vzdelania) a...

Descrizione completa

Salvato in:
Dettagli Bibliografici
Autore principale: Krajmerová, Nadežda
Altri autori: Veselovský, Ján
Natura: Capitolo di libro
Lingua:slovacco
Soggetti:
Tags: Aggiungi Tag
Nessun Tag, puoi essere il primo ad aggiungerne!!

MARC

LEADER 00000naa a2200000 4500
001 0253596
005 20240411132834.8
041 0 |a slo 
044 |a SK 
245 1 0 |a Postavenie Nitrianskeho samosprávneho kraja z pohľadu objektívnej chudoby  |c Nadežda Krajmerová, Ján Veselovský 
520 |a Analýza rozmanitých pomerov v okresoch Nitrianskeho samosprávneho kraja, na základe ekonomických indikátorov (dlhodobá nezamestnanosť, miera evidovanej nezamestnanosti, miera ekonomickej aktivity, podnikanie a intenzita obnovy bytov), sociálnych indikátorov (rómske etnikum, nízka úroveň vzdelania) a demografických indikátorov (živorodosť, úmrtnosť a priemerný vek). Analýza úrovne chudoby v kraji. 
610 2 0 |a Slovensko 
610 2 0 |a úroveň životná 
610 2 0 |a chudoba 
610 2 0 |a nezamestnanosť 
610 2 0 |a kvalita života 
610 2 0 |a politika regionálna 
100 1 |a Krajmerová, Nadežda 
700 1 |a Veselovský, Ján